MERANIE MODULU PRUŽNOSTI REZNEJ KERAMIKY ULTRAZVUKOVOU METÓDOU

Bibliographic Details
Main Authors: Olejníčková, L. (Author), Pešek, Ladislav, 1947- (Author), Jonšta, Z. (Author)
Format: Article
Language:Slovak

MARC

LEADER 00000nab a2200000uu 4500
001 vtls011480268
003 SK-MaSNL
005 20260303160038.0
008 230222|2002 xo |||||||||||||||||slo|
015 |a SNBRB 
035 |a (urnnbn)urn:nbn:sk:snk:ar-0057qy 
035 |a (uuid)5feddea1-4748-4acf-a6f1-d0e88a83c21e 
035 |a urn:nbn:sk:snk-abd7uy 
040 |a SNKBUCL  |b slo  |c SNKBUCL  |e AACR2 
041 0 |a slo 
044 |a xo  |c SK 
100 1 |a Olejníčková, L.  |4 aut  |9 1180340 
245 1 0 |a MERANIE MODULU PRUŽNOSTI REZNEJ KERAMIKY ULTRAZVUKOVOU METÓDOU  |c L. Pešek, L. Olejníčková, Z. Jonšta 
246 3 |a ULTRASONIC METHOD FOR MEASUREMENT OF YOUNG'S MODULUS ON TOOL CERAMICS 
700 1 |a Pešek, Ladislav,  |d 1947-  |4 aut  |9 219530 
700 1 |a Jonšta, Z.  |4 aut  |9 798847 
773 0 |t Acta Metallurgica Slovaca : časopis Hutníckej fakulty Technickej univerzity Košice  |g Roč. 8, č. 2 (2002), s. 109-116 
954 |a odborná, vedecká literatúra pôvodná (slovenská)  |2 lita 
958 |a OND 
958 |a EUIPO 
958 |a article18 
999 |c 2043986  |d 2045916